000 00362nam a2200133Ia 4500
008 240624s9999 xx 000 0 und d
041 _aeng
082 _a330 BAL
100 _aBALAKRISHNAN PULAPRE
245 _aECONOMIC REFORMS AND GROWTH IN INDIA ESS
260 _c2011
_aNew Delhi
_bOrient BlackSwan
300 _axiv, : 454 : p. : cm. ; 24
365 _cRS
_b30
999 _c19730
_d19730